[Event "Ruhrgebiet Verbandsliga Gruppe 2 1516"]
[Site "Germany"]
[Date "2016.04.24"]
[Round "9.5"]
[White "Diebig, Maja"]
[Black "Czubak, Michael"]
[Result "1/2-1/2"]
[WhiteElo "1808"]
[BlackElo "1963"]
[PlyCount "46"]
[EventDate "2015.09.06"]
[EventType "team-tourn"]
[EventRounds "9"]
[EventCountry "GER"]
[SourceTitle "EXT 2022"]
[Source "ChessBase"]
[SourceDate "2021.10.06"]
[SourceVersion "1"]
[SourceVersionDate "2021.10.06"]
[SourceQuality "1"]
[WhiteTeam "Brackel SF II"]
[BlackTeam "Horst Emscher"]
[WhiteTeamCountry "GER"]
[BlackTeamCountry "GER"]

1. d4 d5 2. c4 e6 3. Nc3 c6 4. Nf3 dxc4 5. e3 b5 6. a4 Bb4 7. Bd2 a5 8. axb5 Bxc3 9. Bxc3 cxb5 10. b3 Bb7 11. bxc4 b4 12. Bd2 Nf6 13. Bd3 Nbd7 14. Qb3 0-0 15. 0-0 e5 16. Nxe5 Nxe5 17. dxe5 Nd7 18. Qc2 Nc5 19. Bxh7+ Kh8 20. Bf5 g6 21. Bg4 Qg5 22. h3 Qxe5 23. Bf3 Bxf3 1/2-1/2

[Event "Ruhrgebiet Verbandsliga Gruppe 2 1516"]
[Site "Germany"]
[Date "2016.03.20"]
[Round "8.5"]
[White "Czubak, Michael"]
[Black "Thiemann, Sebastian"]
[Result "1-0"]
[WhiteElo "1963"]
[BlackElo "1809"]
[PlyCount "45"]
[EventDate "2015.09.06"]
[EventType "team-tourn"]
[EventRounds "9"]
[EventCountry "GER"]
[SourceTitle "EXT 2022"]
[Source "ChessBase"]
[SourceDate "2021.10.06"]
[SourceVersion "1"]
[SourceVersionDate "2021.10.06"]
[SourceQuality "1"]
[WhiteTeam "Horst Emscher"]
[BlackTeam "Wanne-Eickel SV Unser Fritz"]
[WhiteTeamCountry "GER"]
[BlackTeamCountry "GER"]

1. d4 f5 2. Bg5 d5 3. e3 g6 4. c4 c6 5. Nc3 Bh6 6. h4 Qd6 7. Qb3 e6 8. Nf3 Nd7 9. Rc1 dxc4 10. Bxc4 Nb6 11. Be2 Nd5 12. a3 b6 13. Na4 Bd7 14. Ne5 Bg7 15. Nxd7 Kxd7 16. 0-0 h6 17. Rxc6 Kxc6 18. Qb5+ Kb7 19. Nc5+ Kb8 20. Nd7+ Kb7 21. Qa6+ Kc7 22. Rc1+ Kxd7 23. Bb5+ 1-0

[Event "Ruhrgebiet Verbandsliga Gruppe 2 1516"]
[Site "Germany"]
[Date "2015.11.29"]
[Round "4.6"]
[White "Czubak, Michael"]
[Black "Dukic, Dalibor"]
[Result "1/2-1/2"]
[WhiteElo "1975"]
[BlackElo "2006"]
[PlyCount "43"]
[EventDate "2015.09.06"]
[EventType "team-tourn"]
[EventRounds "9"]
[EventCountry "GER"]
[SourceTitle "EXT 2022"]
[Source "ChessBase"]
[SourceDate "2021.10.06"]
[SourceVersion "1"]
[SourceVersionDate "2021.10.06"]
[SourceQuality "1"]
[WhiteTeam "Horst Emscher"]
[BlackTeam "Hamm SV"]
[WhiteTeamCountry "GER"]
[BlackTeamCountry "GER"]

1. Nf3 Nf6 2. g3 d6 3. Bg2 Nbd7 4. 0-0 e5 5. d3 Be7 6. c4 0-0 7. Nc3 c6 8. e4 a5 9. h3 Nc5 10. b3 Nfd7 11. Be3 Ne6 12. d4 Qc7 13. Qd2 Bf6 14. Rad1 Be7 15. d5 Nec5 16. Ne1 Rd8 17. f4 f6 18. Kh1 a4 19. b4 Na6 20. a3 c5 21. b5 Nab8 22. Ne2 1/2-1/2

[Event "Ruhrgebiet Verbandsliga Gruppe 1 1415"]
[Site "Germany"]
[Date "2014.09.21"]
[Round "1"]
[White "Czubak, Michael"]
[Black "Schaefer, Michael"]
[Result "1-0"]
[WhiteElo "1989"]
[BlackElo "1690"]
[PlyCount "33"]
[EventDate "2014.09.21"]
[EventType "team-tourn"]
[EventRounds "9"]
[EventCountry "GER"]
[SourceTitle "EXT 2022"]
[Source "ChessBase"]
[SourceDate "2021.10.06"]
[SourceVersion "1"]
[SourceVersionDate "2021.10.06"]
[SourceQuality "1"]
[WhiteTeam "Horst Emscher"]
[BlackTeam "Herne Sodingen II"]
[WhiteTeamCountry "GER"]
[BlackTeamCountry "GER"]

1. d4 Nf6 2. c4 e6 3. Nc3 Bb4 4. f3 d5 5. a3 Bxc3+ 6. bxc3 c5 7. cxd5 Qxd5 8. e4 Qd8 9. Bd3 cxd4 10. cxd4 Nbd7 11. Ne2 0-0 12. Bb2 Qa5+ 13. Bc3 Qg5 14. Kf2 Rd8 15. h4 Ng4+ 16. fxg4 Qxg4 17. Rh3 1-0

[Event "GER-chT2 LF-21 B2 email"]
[Site "GER email"]
[Date "2007.??.??"]
[Round "?"]
[White "Czubak, Michael"]
[Black "Werner, Juergen"]
[Result "0-1"]
[WhiteElo "1927"]
[BlackElo "2146"]
[PlyCount "102"]
[EventDate "2007.??.??"]
[EventType "team (corr)"]
[EventRounds "9"]
[EventCountry "GER"]
[SourceTitle "Corr 2008"]
[Source "ChessBase"]
[SourceDate "2008.06.24"]
[SourceVersion "1"]
[SourceVersionDate "2008.06.24"]
[SourceQuality "1"]

1. e4 c5 2. Nf3 Nc6 3. Bb5 g6 4. 0-0 Bg7 5. c3 Nf6 6. Re1 0-0 7. e5 Nd5 8. d4 cxd4 9. cxd4 Nc7 10. Nc3 a6 11. Ba4 d6 12. Bxc6 bxc6 13. exd6 exd6 14. Bg5 f6 15. Bf4 g5 16. Qb3+ Rf7 17. Bg3 Bg4 18. Re3 f5 19. Bxd6 Qxd6 20. Nxg5 Bh5 21. Ne2 Nd5 22. Nxf7 Bxf7 23. Qa3 Qf6 24. Rd3 Re8 25. Rd2 Qg5 26. Rad1 f4 27. Qxa6 f3 28. Ng3 Nf4 29. Qxc6 fxg2 30. d5 Qe7 31. Qc1 Bh6 32. b3 Bxd5 33. Rxd5 Nh3+ 34. Kxg2 Bxc1 35. Kxh3 Rf8 36. R1d4 Rxf2 37. Rd8+ Rf8 38. Rg4+ Bg5 39. Rd5 h6 40. Ne4 Rf3+ 41. Kg2 Rf7 42. h3 Kh8 43. Rc5 Rf8 44. Rc4 Qf7 45. Nxg5 Qf1+ 46. Kh2 Rf2+ 47. Kg3 hxg5 48. Rc8+ Kh7 49. Rc7+ Kh6 50. Rc6+ Kh5 51. Rh4+ gxh4# 0-1

[Event "GER-chT2 LF-21 B2 email"]
[Site "GER email"]
[Date "2007.??.??"]
[Round "?"]
[White "Strocka, Dietrich"]
[Black "Czubak, Michael"]
[Result "0-1"]
[WhiteElo "2257"]
[BlackElo "1927"]
[PlyCount "116"]
[EventDate "2007.??.??"]
[EventType "team (corr)"]
[EventRounds "9"]
[EventCountry "GER"]
[SourceTitle "Corr 2008"]
[Source "ChessBase"]
[SourceDate "2008.06.24"]
[SourceVersion "1"]
[SourceVersionDate "2008.06.24"]
[SourceQuality "1"]

1. d4 d5 2. c4 e6 3. Nc3 c6 4. Nf3 Nf6 5. e3 Nbd7 6. Qc2 Bd6 7. Bd3 0-0 8. 0-0 dxc4 9. Bxc4 b5 10. Be2 Bb7 11. Rd1 Qb8 12. e4 e5 13. dxe5 Nxe5 14. Nd4 Ng6 15. g3 Re8 16. Nf5 Bf8 17. a3 a5 18. f3 Bc8 19. Bg5 Qe5 20. Kh1 Nd7 21. Be3 Qb8 22. Rac1 Nge5 23. a4 b4 24. Nb1 Nf6 25. g4 g6 26. Ng3 Be6 27. b3 c5 28. g5 Nfd7 29. Bb5 Rd8 30. Nd2 Nb6 31. Ne2 Bd7 32. Nc4 Nbxc4 33. Bxc4 Nxc4 34. Qxc4 Be6 35. Qc2 Rxd1+ 36. Rxd1 c4 37. bxc4 b3 38. Qc3 Qb4 39. c5 Qxa4 40. Kg2 Qc4 41. Qxc4 Bxc4 42. Nc3 a4 43. c6 a3 44. c7 a2 45. Bf4 Be6 46. Nxa2 bxa2 47. Be5 Be7 48. f4 h5 49. gxh6 f6 50. Ba1 Kh7 51. Rc1 Kxh6 52. Rc6 Bd7 53. Rb6 Ra4 54. Rb2 Bd6 55. Rb8 Bxc7 56. Rb7 Bxf4 57. Rxd7 Be5 58. Rd1 Rxe4 0-1

[Event "Ruhrgebiet VL2 0405"]
[Site "Ruhrgebiet"]
[Date "2004.11.21"]
[Round "4.3"]
[White "Rueberg, Jobst"]
[Black "Czubak, Michael"]
[Result "1/2-1/2"]
[WhiteElo "2087"]
[BlackElo "2007"]
[PlyCount "53"]
[EventDate "2004.09.12"]
[EventType "team-tourn"]
[EventRounds "9"]
[EventCountry "GER"]
[SourceTitle "EXT 2006"]
[Source "ChessBase"]
[SourceDate "2005.11.24"]
[SourceVersion "1"]
[SourceVersionDate "2005.11.24"]
[SourceQuality "1"]
[WhiteTeam "Ahlen"]
[BlackTeam "Horst"]
[WhiteTeamCountry "GER"]
[BlackTeamCountry "GER"]

1. e4 e6 2. d4 d5 3. e5 c5 4. c3 Nc6 5. Nf3 Bd7 6. Be2 f6 7. 0-0 Qc7 8. exf6 Nxf6 9. Be3 c4 10. b3 cxb3 11. axb3 Bd6 12. h3 0-0 13. b4 a6 14. Nbd2 Rae8 15. Rc1 b5 16. Nb3 Bc8 17. Nc5 Kh8 18. Bd3 e5 19. dxe5 Nxe5 20. Nxe5 Bxe5 21. Qd2 Ne4 22. Bxe4 dxe4 23. Bd4 Bf4 24. Be3 Qe5 25. Rce1 Bh2+ 26. Kh1 Rd8 27. Bd4 1/2-1/2

[Event "Ruhrgebiet VL2 0405"]
[Site "Ruhrgebiet"]
[Date "2004.11.07"]
[Round "3.3"]
[White "Czubak, Michael"]
[Black "Pusch, Hermann"]
[Result "0-1"]
[WhiteElo "2007"]
[BlackElo "1987"]
[PlyCount "110"]
[EventDate "2004.09.12"]
[EventType "team-tourn"]
[EventRounds "9"]
[EventCountry "GER"]
[SourceTitle "EXT 2006"]
[Source "ChessBase"]
[SourceDate "2005.11.24"]
[SourceVersion "1"]
[SourceVersionDate "2005.11.24"]
[SourceQuality "1"]
[WhiteTeam "Horst"]
[BlackTeam "Bochum Post"]
[WhiteTeamCountry "GER"]
[BlackTeamCountry "GER"]

1. e4 c5 2. Nf3 Nc6 3. d4 cxd4 4. Nxd4 e5 5. Nb5 Nf6 6. N1c3 Bb4 7. a3 Bxc3+ 8. Nxc3 0-0 9. Bg5 h6 10. Bh4 d6 11. Qd3 Be6 12. 0-0-0 g5 13. Bg3 Qb6 14. Nd5 Bxd5 15. exd5 Ne7 16. h4 Kg7 17. Be2 Rh8 18. c4 Rac8 19. Kb1 a5 20. Rc1 Qd8 21. hxg5 hxg5 22. Qe3 Nh7 23. Bd3 Ng6 24. Bf5 Rc7 25. Bxg6 fxg6 26. c5 Re8 27. cxd6 Rxc1+ 28. Rxc1 Qxd6 29. Qc5 Qf6 30. Qxa5 Qf5+ 31. Ka1 Nf6 32. Qc7+ Kg8 33. Qxb7 Qe4 34. Qc6 Qf5 35. d6 Rd8 36. Qc7 Rd7 37. Qc8+ Kf7 38. Rc7 Ke6 39. Rxd7 Nxd7 40. Qc6 Qd3 41. Qc3 Qf1+ 42. Ka2 Qxg2 43. Qc2 Qd5+ 44. b3 Kf6 45. Qe2 Nc5 46. Qe3 Qxd6 47. f3 Ne6 48. Be1 Nd4 49. Bd2 Qc6 50. Qe4 Qe6 51. Qb7 Qf5 52. Bc3 Qxf3 53. Qh7 Qxc3 54. Qh8+ Kf5 55. Qf8+ Kg4 0-1

[Event "Ruhrgebiet VL2 0405"]
[Site "Ruhrgebiet"]
[Date "2004.09.12"]
[Round "1.4"]
[White "Wilbert, Siegfried"]
[Black "Czubak, Michael"]
[Result "1-0"]
[WhiteElo "2125"]
[BlackElo "2007"]
[PlyCount "87"]
[EventDate "2004.09.12"]
[EventType "team-tourn"]
[EventRounds "9"]
[EventCountry "GER"]
[SourceTitle "EXT 2006"]
[Source "ChessBase"]
[SourceDate "2005.11.24"]
[SourceVersion "1"]
[SourceVersionDate "2005.11.24"]
[SourceQuality "1"]
[WhiteTeam "Buer"]
[BlackTeam "Horst"]
[WhiteTeamCountry "GER"]
[BlackTeamCountry "GER"]

1. c4 e5 2. Nc3 Nf6 3. Nf3 Nc6 4. g3 Bb4 5. Nd5 Bc5 6. Bg2 0-0 7. 0-0 d6 8. d3 h6 9. a3 a5 10. Rb1 a4 11. Nc3 e4 12. dxe4 Be6 13. Nd2 Ne5 14. Nxa4 Ba7 15. Qc2 Qd7 16. b3 b5 17. cxb5 Qxb5 18. Nc3 Qc6 19. h3 Bd4 20. Bb2 Rfb8 21. Rbc1 Qb6 22. Nd5 Bxd5 23. exd5 Bxb2 24. Qxb2 Ra5 25. b4 Qa7 26. Nb1 Nxd5 27. Qd2 Nxb4 28. axb4 Ra2 29. Rc2 Rxc2 30. Qxc2 Rxb4 31. Nd2 c6 32. Nf3 Nc4 33. Rd1 d5 34. Qf5 Nd6 35. Qe5 Ne4 36. Nd4 Qa4 37. Qe8+ Kh7 38. Bxe4+ dxe4 39. Qxe4+ g6 40. Qd3 c5 41. Nf3 Qa2 42. Qd5 Qa7 43. Ne5 Rb7 44. Nd7 1-0

[Event "Ruhrgebiet VK3 0001"]
[Site "Ruhrgebiet"]
[Date "2000.12.10"]
[Round "4"]
[White "Stachnik, Adam"]
[Black "Czubak, Michael"]
[Result "1/2-1/2"]
[WhiteElo "1859"]
[BlackElo "2050"]
[PlyCount "75"]
[EventDate "2000.09.17"]
[EventType "team-tourn"]
[EventRounds "9"]
[EventCountry "GER"]
[SourceTitle "EXT 2023"]
[Source "ChessBase"]
[SourceDate "2022.10.05"]
[SourceVersion "1"]
[SourceVersionDate "2022.10.05"]
[SourceQuality "1"]
[WhiteTeam "Bochum SG III"]
[BlackTeam "Horst Emscher"]
[WhiteTeamCountry "GER"]
[BlackTeamCountry "GER"]

1. e4 c5 2. d4 cxd4 3. c3 dxc3 4. Nxc3 Nc6 5. Nf3 d6 6. Bc4 e6 7. 0-0 Be7 8. Qe2 a6 9. Rd1 Bd7 10. Bf4 e5 11. Be3 Nf6 12. Rac1 0-0 13. a3 Rc8 14. h3 Na5 15. Ba2 b5 16. Nd5 Nxd5 17. Bxd5 Rxc1 18. Rxc1 Be6 19. Rd1 Bxd5 20. Rxd5 Qc7 21. Rd1 Rc8 22. Qe1 Nc4 23. Bc1 Nb6 24. Bd2 Qc2 25. b4 Nc4 26. Rc1 Qa2 27. Rc3 Nb6 28. Rxc8+ Nxc8 29. Qc1 Qc4 30. Qxc4 bxc4 31. Be3 Bd8 32. Kf1 f6 33. Ke2 Kf7 34. Nd2 c3 35. Nc4 Ke6 36. Kd3 d5 37. exd5+ Kxd5 38. Kxc3 1/2-1/2

[Event "Ruhrgebiet VK3 0001"]
[Site "Ruhrgebiet"]
[Date "2000.10.15"]
[Round "2"]
[White "Czubak, Michael"]
[Black "Lauche, Christoph"]
[Result "1-0"]
[WhiteElo "2050"]
[BlackElo "1767"]
[PlyCount "74"]
[EventDate "2000.09.17"]
[EventType "team-tourn"]
[EventRounds "9"]
[EventCountry "GER"]
[SourceTitle "EXT 2023"]
[Source "ChessBase"]
[SourceDate "2022.10.05"]
[SourceVersion "1"]
[SourceVersionDate "2022.10.05"]
[SourceQuality "1"]
[WhiteTeam "Horst Emscher"]
[BlackTeam "Bochum Post II"]
[WhiteTeamCountry "GER"]
[BlackTeamCountry "GER"]

1. d4 c5 2. d5 Nf6 3. Nc3 Qa5 4. Bd2 b5 5. e4 b4 6. e5 bxc3 7. Bxc3 Qa4 8. exf6 Qe4+ 9. Qe2 Qxe2+ 10. Bxe2 gxf6 11. Bf3 d6 12. Ne2 Nd7 13. Ng3 Ne5 14. Be2 Bh6 15. 0-0 Rg8 16. Rae1 Bd7 17. f4 Ng6 18. Nh5 Nh4 19. g3 Kf8 20. Kf2 Nf5 21. Bxf6 exf6 22. Nxf6 Be8 23. Bd3 Nd4 24. c3 Bb5 25. Bxb5 Nxb5 26. Nxg8 Kxg8 27. Re7 Bf8 28. Rb7 a6 29. Re1 Kg7 30. g4 Rc8 31. a4 Nc7 32. c4 Kf6 33. h4 h6 34. Kf3 Bg7 35. g5+ Kg6 36. Re7 Ne8 37. Rxf7 Bd4 1-0

[Event "Ruhrgebiet VK3 9899"]
[Site "Ruhrgebiet"]
[Date "1999.04.??"]
[Round "?"]
[White "Beckmann, Klaus"]
[Black "Czubak, Michael"]
[Result "1-0"]
[WhiteElo "2316"]
[BlackElo "2210"]
[PlyCount "67"]
[EventDate "1998.??.??"]
[EventType "team-tourn"]
[EventRounds "9"]
[EventCountry "GER"]
[SourceTitle "EXT 2002"]
[Source "ChessBase"]
[SourceDate "2001.11.25"]
[SourceVersion "1"]
[SourceVersionDate "2001.11.25"]
[SourceQuality "1"]

1. d4 Nf6 2. Nf3 g6 3. c4 Bg7 4. Nc3 d5 5. e3 0-0 6. Qb3 c6 7. Bd2 dxc4 8. Bxc4 b5 9. Be2 a5 10. 0-0 Be6 11. Qc2 Na6 12. Ng5 Bg4 13. Bxg4 Nxg4 14. Qe4 Qd7 15. Rfd1 h6 16. Nf3 f5 17. Qb1 e5 18. h3 e4 19. Nh4 Qe7 20. Nxg6 Qg5 21. Nf4 Nf6 22. a4 b4 23. Qa2+ Kh8 24. Nce2 Nc7 25. Rac1 Nfd5 26. Rxc6 Rad8 27. Qc4 Rf6 28. Rxc7 Nxc7 29. Qxc7 Re8 30. Rc1 Bf8 31. Qxa5 Bd6 32. Bxb4 Bxf4 33. Nxf4 h5 34. Be7 1-0

[Event "Ruhrgebiet VK3 9899"]
[Site "Ruhrgebiet"]
[Date "1998.??.??"]
[Round "?"]
[White "Czubak, Michael"]
[Black "Neugebauer, Thomas"]
[Result "1-0"]
[WhiteElo "2210"]
[BlackElo "2200"]
[PlyCount "73"]
[EventDate "1998.??.??"]
[EventType "team-tourn"]
[EventRounds "9"]
[EventCountry "GER"]
[SourceTitle "EXT 2002"]
[Source "ChessBase"]
[SourceDate "2001.11.25"]
[SourceVersion "1"]
[SourceVersionDate "2001.11.25"]
[SourceQuality "1"]

1. e4 c5 2. Nf3 d6 3. d4 cxd4 4. Nxd4 Nf6 5. Nc3 a6 6. Bg5 e6 7. f4 Be7 8. Qf3 Qc7 9. 0-0-0 Nbd7 10. Bd3 Nc5 11. Rhe1 Nxd3+ 12. Rxd3 h6 13. Bh4 0-0 14. e5 dxe5 15. fxe5 Nh7 16. Bxe7 Qxe7 17. Ne4 f5 18. exf6 gxf6 19. Qg3+ Kh8 20. Qh4 e5 21. Ng3 Qg7 22. Ndf5 Bxf5 23. Nxf5 Qg5+ 24. Qxg5 Nxg5 25. Rd6 h5 26. h4 Nh7 27. Red1 Rae8 28. Rd7 Rg8 29. Nd6 Nf8 30. Rxb7 Ra8 31. Nf7+ Kg7 32. Rd3 e4 33. Rg3+ Ng6 34. Ng5+ Ne7 35. Rxe7+ Kf8 36. Rf7+ Ke8 37. Rxf6 1-0

[Event "Bochum Post op"]
[Site "Bochum"]
[Date "1992.??.??"]
[Round "2"]
[White "Schmedders, Hans Gerd"]
[Black "Czubak, Michael"]
[Result "1/2-1/2"]
[WhiteElo "2300"]
[BlackElo "2240"]
[PlyCount "67"]
[EventDate "1992.??.??"]
[EventType "swiss"]
[EventRounds "7"]
[EventCountry "GER"]
[SourceTitle "EXT 2002"]
[Source "ChessBase"]
[SourceDate "2001.11.25"]
[SourceVersion "1"]
[SourceVersionDate "2001.11.25"]
[SourceQuality "1"]

1. e4 c6 2. d4 d5 3. e5 Bf5 4. Nc3 Qb6 5. g4 Bd7 6. Na4 Qc7 7. f4 e6 8. c4 dxc4 9. Nc3 h5 10. gxh5 b5 11. Bg2 Na6 12. Nxb5 Qa5+ 13. Nc3 Nb4 14. Nh3 Nd3+ 15. Kf1 Nh6 16. Be4 Bb4 17. Bxd3 cxd3 18. Qxd3 Bxc3 19. bxc3 c5 20. a4 cxd4 21. cxd4 Qd5 22. Nf2 Bc6 23. Ba3 Rd8 24. Rc1 Qg2+ 25. Ke2 Nf5 26. Bc5 Rxh5 27. Rhg1 Qd5 28. h3 Rb8 29. Rb1 Qa2+ 30. Qd2 Qc4+ 31. Qd3 Qa2+ 32. Qd2 Qc4+ 33. Qd3 Qa2+ 34. Qd2 1/2-1/2